Financial management: an analytical and conceptual approach (Record no. 348356)

000 -LEADER
fixed length control field 00389cam a22001337a 4500
008 - FIXED-LENGTH DATA ELEMENTS--GENERAL INFORMATION
fixed length control field 180718b1982 xxu||||| |||| 00| 0 eng d
082 ## - DEWEY DECIMAL CLASSIFICATION NUMBER
Classification number T312/K952f/82
100 ## - MAIN ENTRY--PERSONAL NAME
Personal name Kuchhal, S.C.
245 ## - TITLE STATEMENT
Title Financial management: an analytical and conceptual approach
Statement of responsibility, etc. by S.C. Kuchhal
250 ## - EDITION STATEMENT
Edition statement 8th ed.
260 ## - PUBLICATION, DISTRIBUTION, ETC.
Place of publication, distribution, etc. Allahabad
Name of publisher, distributor, etc. chatanya
Date of publication, distribution, etc. 1982
300 ## - PHYSICAL DESCRIPTION
Extent 624p.
650 ## - SUBJECT ADDED ENTRY--TOPICAL TERM
Topical term or geographic name entry element Corporations - Finance
Holdings
Withdrawn status Lost status Damaged status Not for loan Permanent Location Current Location Date acquired Full call number Barcode Date last seen Price effective from Koha item type
        Indian Institute of Public Administration Indian Institute of Public Administration 1998-07-23 T312 K952f/96 73408 2018-07-21 2018-07-21 Book
        Indian Institute of Public Administration Indian Institute of Public Administration 1998-07-23 T312 K952f/96 73407 2018-07-21 2018-07-21 Book
        Indian Institute of Public Administration Indian Institute of Public Administration 1997-07-09 T312 K952f/96 72162 2018-07-21 2018-07-21 Book
        Indian Institute of Public Administration Indian Institute of Public Administration 1899-12-30 T312/K952f/82 58673 2018-07-21 2018-07-21 Book

Powered by Koha